Sports Quiz

Random Sports or World Cup Quiz

Most Assists at World Cups Quiz Stats

 Plays Quiz not verified by Sporcle

Challenge
Share
Tweet
Embed
Score 0/71 Timer 16:00
0 Plays Today
# Players % Correct
7Diego Maradona
90.1%
3Thomas Müller
79.6%
5Gerd Müller
77.8%
3Müller
76.3%
5Pelé
72.8%
4Ronaldo
71.3%
3Lionel Messi
69.2%
4Ronaldinho
63.2%
5David Beckham
59.9%
4Rivaldo
59%
3Andrea Pirlo
57.8%
3Michel Platini
54.8%
6Francesco Totti
54.2%
3Arjen Robben
53.3%
4Kaká
52.1%
5Michael Ballack
51.2%
6Bastian Schweinsteiger
50.9%
3Mesut Özil
50.9%
3Johan Cruyff
50.9%
6Ghoerghe Hagi
49.1%
3Robin van Persie
47.9%
4Zico
45.8%
4Michael Laudrup
43.7%
3Brian Laudrup
43.7%
3Luis Figo
42.2%
4Dennis Bergkamp
40.4%
4Juan Sebastian Veron
37.4%
4Bebeto
36.8%
3Paolo Rossi
36.8%
3Rudi Völler
36.2%
7Grzegorz Lato
35.3%
3Torres
33.2%
3Cesc Fabregas
33.2%
3Juan Roman Riquelme
29.9%
3Mario Kempes
29.6%
6Uwe Seeler
27.8%
# Players % Correct
3Zbigniew Boniek
26%
3Andreas Brehme
25.7%
3Youri Djorkaeff
25.4%
3Dirk Kuyt
25.4%
4Tomas Brolin
24.6%
3Jean Tigana
23.7%
4Tostão
23.1%
4Bernd Schneider
22.8%
7Pierre Littbarski
19.8%
3Rob Rensenbrink
18.9%
3Alain Giresse
17.4%
3Hasan Gökhan Şaş
17.4%
5Thomas Häßler
16.2%
4Roberto Donadoni
12%
3Bruno Conti
11.1%
3Francisco de Pedro
10.8%
3Uli Hoeneß
10.2%
3Christian Ziege
10.2%
4Dominique Rocheteau
9.3%
3Gordon Strachan
8.1%
3Roberto Rivelinho
6%
5Robert Gadocha
5.7%
3Rene van de Kerkhof
5.4%
3Sergi
5.4%
3Dragan Džajić
4.8%
4Siegfried Held
4.5%
3Giancarlo Antognoni
4.5%
3António Simões
4.5%
3Reinhard Libuda
4.2%
3Hristo Bonev
3.9%
3Jozef Chovanec
3.6%
3Tahar El-Khalej
3.6%
3Stéphane Demol
3.3%
3Ľubomír Moravčík
2.7%
3Jozsef Toth
2.4%

You're not logged in!

Compare scores with friends on all Sporcle quizzes.
Join for Free
OR
Log In

You Might Also Like...

Show Comments

Extras

Top Quizzes Today


Score Distribution

Your Account Isn't Verified!

In order to create a playlist on Sporcle, you need to verify the email address you used during registration. Go to your Sporcle Settings to finish the process.

Report this User

Report this user for behavior that violates our Community Guidelines.

Details: